• 首页
  • 本馆介绍
  • 公告通知
  • 最新文献
  • 馆藏检索
  • 电子资源
  • 读者导购
  • 参考咨询
  • 我的图书馆
  • 登录
  • 详细信息显示
  • 放入我的书架
  • 预约/预借图书
  • 作者相关作品
  • 分类相关作品
  • 丛书相关作品
  • 出版社相关作品

书目信息

  • 表格格式
  • 工作单格式
  • 卡片格式
题名:
企业金融债务重组实务
    
 
作者: 张劲松 主编
分册:  
出版信息: 北京   中国市场出版社  2016
页数: 372页
开本: 24cm
丛书名:
单 册:
中图分类: F275.1
科图分类:
主题词: 企业债务--债务重组--研究
电子资源:
ISBN: 978-7-5092-1515-9
000 00973nam0 2200253 450
001 012001003804
005 20140926114739.0
010    @a978-7-5092-1515-9@dCNY78.00
100    @a20170215d2016 em y0chiy50 ea
101 0  @achi
102    @aCN@b110000
105    @ay z 000yy
106    @ar
200 1  @a企业金融债务重组实务@9qi ye jin rong zhai wu chong zu shi wu@dThe practice on restructuring of enterprise financial debt@zeng@f张劲松主编
210    @a北京@c中国市场出版社@d2016
215    @a372页@d24cm
307    @a实际页数为:373
330    @a本书分理论与实务指引、典型案例解析、法律法规汇编三部分,主要内容包括:当前企业的债务困境概述、金融债务重组概述、金融债务重组的准备、确定金融债务重组方案等。
510 1  @aPractice on restructuring of enterprise financial debt@zeng
606 0  @a企业债务@x债务重组@x研究
690    @aF275.1@v5
701  0 @a张劲松@9zhang jin song@4主编
801  0 @aCN@b上海新华@c20180901
905    @b1154868-72@dF275.1@e1573@f5
    
    企业金融债务重组实务=The practice on restructuring of enterprise financial debt/张劲松主编.-北京:中国市场出版社,2016
    372页;24cm
    
    
    ISBN 978-7-5092-1515-9:CNY78.00
    本书分理论与实务指引、典型案例解析、法律法规汇编三部分,主要内容包括:当前企业的债务困境概述、金融债务重组概述、金融债务重组的准备、确定金融债务重组方案等。
●
相关链接 在E读中查询图书 在五车中查询图书 在当当中查询图书 在豆瓣中查询图书


正题名:企业金融债务重组实务     索取号:F275.1/1573         预约/预借

序号 登录号 条形码 馆藏地/架位号 状态 备注
1 1154868   211548681   第一样本阅览室/ [索取号:F275.1/1573] 在馆    
2 1154869   211548690   第一借阅区/ [索取号:F275.1/1573] 在馆    
3 1154870   211548707   第一借阅区/ [索取号:F275.1/1573] 在馆    
4 1154871   211548716   密集书库-海洋学院/ [索取号:F275.1/1573] 在馆    
5 1154872   211548725   第一借阅区/ [索取号:F275.1/1573] 在馆    
唐山师范学院图书馆 欢迎您!
大连网信软件有限公司© 版权所有